BSOP header

Contemporary religious thought : (Record no. 16658)

MARC details
000 -LEADER
fixed length control field 00660nam a2200169 4500
008 - FIXED-LENGTH DATA ELEMENTS--GENERAL INFORMATION
fixed length control field 030820s1941 nyu b 000 0 eng
090 ## - LOCALLY ASSIGNED LC-TYPE CALL NUMBER (OCLC); LOCAL CALL NUMBER (OCLC)
Classification number (OCLC) (R) ; Classification number, CALL (RLIN) (NR) BT75
Local cutter number (OCLC) ; Book number/undivided call number, CALL (RLIN) K44c
100 1# - MAIN ENTRY--PERSONAL NAME
Personal name Kepler, Thomas Samuel,
Dates associated with a name 1897-
Relator term comp.
245 10 - TITLE STATEMENT
Title Contemporary religious thought :
Remainder of title an anthology /
Statement of responsibility, etc compiled by Thomas S. Kepler ...
260 ## - PUBLICATION, DISTRIBUTION, ETC. (IMPRINT)
Place of publication, distribution, etc New York,
-- Nashville :
Name of publisher, distributor, etc Abingdon-Cokesbury Press,
Date of publication, distribution, etc c1941.
300 ## - PHYSICAL DESCRIPTION
Extent 423 p.:
Dimensions 24 cm.
504 ## - BIBLIOGRAPHY, ETC. NOTE
Bibliography, etc "Biographical index of authors": p. 409-419.
504 ## - BIBLIOGRAPHY, ETC. NOTE
Bibliography, etc Bibliography: p. 405-408.
650 #4 - SUBJECT ADDED ENTRY--TOPICAL TERM
Topical term or geographic name as entry element Religious thought
Chronological subdivision 20th century.
650 #4 - SUBJECT ADDED ENTRY--TOPICAL TERM
Topical term or geographic name as entry element Theology, Doctrinal.
951 ## - EQUIVALENCE OR CROSS-REFERENCE-GEOGRAPHIC NAME/AREA NAME [OBSOLETE] [CAN/MARC only]
General subdivision 00007079
951 ## - EQUIVALENCE OR CROSS-REFERENCE-GEOGRAPHIC NAME/AREA NAME [OBSOLETE] [CAN/MARC only]
-- 10954
-- BT75/K44c-3
-- 070613111306375
-- 2000-12-21
-- GC
Holdings
Withdrawn status Lost status Damaged status Not for loan Home library Current library Shelving location Date acquired Accession number Shelving control number Total Checkouts Full call number Barcode Date last seen Price effective from Koha item type
        BSOP Library BSOP Library GC 12/21/2000 10954 127   BT75/K44c-3 00007079 02/23/2013 02/23/2013 Books
BSOP

Biblical Seminary of the Philippines
  All rights Reserved
  © 2024

CONTACT INFORMATION

Biblical Seminary of the Philippines,
  77-B Karuhatan Road, Valenzuela City,
  PHILIPPINES 1441
  Phone: +632 8292-6795 / 8292-6798
  Fax : +632 8292-6675
  Email: library@bsop.edu.ph